Inventory management system with POS for NQR marketing / (Record no. 329753)
[ view plain ]
| 000 -LEADER | |
|---|---|
| fixed length control field | 00579nam a2200205Ia 4500 |
| 008 - FIXED-LENGTH DATA ELEMENTS--GENERAL INFORMATION | |
| fixed length control field | 170504s9999 xx 000 0 und d |
| 050 ## - LIBRARY OF CONGRESS CALL NUMBER | |
| Classification number | HD 28 |
| 050 ## - LIBRARY OF CONGRESS CALL NUMBER | |
| Item number | .D637 2016 |
| 100 ## - MAIN ENTRY--PERSONAL NAME | |
| Personal name | Doctor, Ancacel B. |
| 245 ## - TITLE STATEMENT | |
| Title | Inventory management system with POS for NQR marketing / |
| 245 ## - TITLE STATEMENT | |
| Statement of responsibility, etc | Ancacel B. Doctor. |
| 260 ## - PUBLICATION, DISTRIBUTION, ETC. (IMPRINT) | |
| Place of publication, distribution, etc | Las Piñas, Philippines : |
| 260 ## - PUBLICATION, DISTRIBUTION, ETC. (IMPRINT) | |
| Name of publisher, distributor, etc | SISC, |
| 260 ## - PUBLICATION, DISTRIBUTION, ETC. (IMPRINT) | |
| Date of publication, distribution, etc | 2016. |
| 300 ## - PHYSICAL DESCRIPTION | |
| Extent | 151 pages : |
| 300 ## - PHYSICAL DESCRIPTION | |
| Other physical details | illustrations ; |
| 300 ## - PHYSICAL DESCRIPTION | |
| Dimensions | 28 cm. |
| 500 ## - GENERAL NOTE | |
| General note | Includes bibliographical references and appendices. |
| 521 ## - TARGET AUDIENCE NOTE | |
| Target audience note | Information Technology |
No items available.